000 00603nam a2200229Ia 4500
003 OSt
005 20230530164439.0
008 210423s2011 xx 000 0 und d
020 _a978-81-8069-777-0
040 _cAL
041 _aeng
082 _a361.3 NALS
100 _aNALINI (R)
_9117437
245 _aSocial work and the workplace
260 _aNew Delhi
_bConcept publishing company
_c2011
300 _axxii,190
_bPB
365 _b430
_cINR
650 _aSocial Problems & Services
_9117438
650 _aSocial Work
_9117439
906 _aSocial ; work ; workplace
942 _2ddc
_cBK
999 _c176304
_d176304